Cities That Receive the Least Sunshine - Statistics

General Stats
  • This quiz has been taken 39 times
  • The average score is 7 of 15
Answer Stats
Hint Answer % Correct
Denmark Copenhagen
84%
Iceland Reykjavik
84%
Ireland Dublin
81%
Peru Lima
81%
Taiwan Taipei
81%
Scotland Edinburgh
78%
Japan Sapporo
59%
Faroe Islands Torshavn
38%
Equitorial Guinea Malabo
35%
Argentina Ushuaia
27%
Congo Pointe-Noire
11%
Near Newfoundland Saint Pierre and Miquelon
11%
China Chongqing
5%
Russia Dikson
0%
Brazil Sao Joaquim
0%
No matching quizzes found
Score Distribution
Percent of People with Each Score
Percentile by Number Answered
Your Score History
You have not taken this quiz